000 00753nam a2200265Ia 4500
005 20260302114950.0
008 008 260114s9999 xx 000 0 eng d
020 _a9781501317170
037 _aTextbook
040 _aCRL
040 _beng
040 _cCRL
041 _2eng
041 _aeng
084 _qCRL
100 _aClaudia Brodsky and Eloy LaBrada
_91120307
245 0 _aInventing Agency Essays on the Literary and Philosophical Production of the Modern Subject
260 _bBloomsbury
260 _bBloomsbury Academic
260 _c2017
650 _aLiterary Studies
856 _uhttps://dx.doi.org/10.5040/9781501317170?locatt=label:secondary_bloomsburyCollections
942 _cEBOOK
999 _c1684467
_d1684467